Basic mathematics for chemists /
Gardado en:
| Autor Principal: | |
|---|---|
| Formato: | Libro |
| Idioma: | English |
| Publicado: |
Chichester :
John Wiley and Sons,
1998.
|
| Edición: | 2nd ed. |
| Những chủ đề: | |
| Các nhãn: |
Engadir etiqueta
Sen Etiquetas, Sexa o primeiro en etiquetar este rexistro!
|
| Thư viện lưu trữ: | Mạng thư viện Đại học Đà Nẵng |
|---|
| LEADER | 00800cam a2200325 a 4500 | ||
|---|---|---|---|
| 001 | 000045613 | ||
| 003 | 4805 | ||
| 005 | 20060614133830.0 | ||
| 008 | 010305b1998 vm 000 eng | ||
| 020 | |a 0471972843 (pbk) | ||
| 040 | |a IRC |c IRC |d IRC | ||
| 041 | 0 | |a eng | |
| 082 | 1 | 4 | |a 510.2454 |b TE-P |
| 100 | 1 | |a Tebbutt, Peter. | |
| 245 | 1 | 0 | |a Basic mathematics for chemists / |c Peter Tebbutt. |
| 250 | |a 2nd ed. | ||
| 260 | |a Chichester : |b John Wiley and Sons, |c 1998. | ||
| 300 | |a xv, 275 p. : |b ill. | ||
| 630 | 0 | 4 | |a Mathematics. |
| 650 | 0 | 4 | |a Mathematics. |
| OWN | |a DUT | ||
| 999 | |a From the UDN01 | ||
| TYP | |a Monograph | ||
| TYP | |a Printed language | ||
| 980 | |a Mạng thư viện Đại học Đà Nẵng | ||


